000 00753nam a22002177a 4500
005 20150515121531.0
010 _aENG-112297
020 _a9781138796133
_c695.00
035 _aEN-95829
037 _bDBAD/PUB
082 _a792.8095956
245 _aEvolving synergies :
_bcelebrating dance in Singapore /
_cedited by Stephanie Burridge [and] Caren Carino
260 _aNew Delhi
_bRoutledge
_c2014
270 _a912, Tolstoy House,15-17 Tolstoy Marg, Connaught Place
_bNew Delhi
_e110001
300 _axix,232p. :
_bill.
_c22cm(Hb)
490 _aCelebrating dance in Asia and the Pacific ; edited by Stephanie Burridge
500 _aIncludes index
700 _aBurridge, Stephanie
700 _aCarino, Caren
942 _2ddc
_cEN
_mEVO
_k792.8095956
999 _c91933
_d91933